ULTRAKILL Enemies - Statistics

General Stats
  • This quiz has been taken 875 times
  • The average score is 20 of 23
Answer Stats
Type
Hint
Answer % Correct
Boss Divine angel wearing European armor. Uses multiple light-based weapons and a pair of sabres. Voiced by Gianni Matragano. Gabriel
94%
Husk Runs towards the player at a fast pace, stopping to lunge at them if close enough. Filth
93%
Boss "I'm you, but stronger!" V2
93%
Boss Prime soul of ____ _____. Slow movement, but incredibly fast and powerful attacks. Minos Prime
92%
Demon Massive stone statue wielding an orb of pure hell energy, which it hucks at you with impressive speed. Has a charge dash, can stomp the ground to create a shockwave, and can pitch the explosive energy core at the player. Cerberus
90%
Demon Shoots volleys of hell energy projectiles. Occasionally charges up an explosive hitscan beam. Malicious Face
89%
Machine Large, humanoid machine with a tall rectangular head. Wields a shotgun and a motor-powered _____. Swordsmachine
89%
Machine Can teleport, shoot a cluster of 5 homing projectiles, do a short ranged swipe attack, or shoot a sweeping energy beam. Mindflayer
87%
Demon Giant scorpion-like demon bursting at the seams with hell energy. Alternates between an upright stance and a laying stance. When enraged, it lies on its back. Hideous Mass
87%
Husk Shoots a hell energy projectile at the player, with 3-5 smaller shots being fired along side it. Will kick the player if close enough. Heavily resistant to explosive damage when grounded. Soldier
87%
Boss A long, serpentine entity that is made up of the bodies of the Sullen. Leviathan
86%
Machine Black and brown humanoid robot that carries a flamethrower. Has a gas canister on its back that instantly blows up when shot. Streetcleaner
86%
Machine Hovers around, shooting clusters of projectiles at the player. Flies directly towards the player, blowing itself up upon death. Drone
85%
Boss Giant prism-shaped creation that attacks the player with many weapons seen prior in the game. Contains _____ _____ and will free him upon death. Flesh Prison
85%
Boss The remains of the great ____ _____. Extremely large black humanoid that typically attacks using lumbering punches. The Corpse of King Minos
85%
Husk Agile miniboss with (mostly) unparryable melee attacks when at close-range and mid-range. Uses lightning strikes when far away. Ferryman
84%
Angel Summons a beam of light on the player's location. Virtue
84%
Husk Tries to keep their distance from the player. Will periodically throw a hell energy projectile at the player. Stray
83%
Machine Will dig its legs into the ground before charging up for a perfectly accurate shot. Sentry
82%
Demon Can bless a singular enemy, making said enemy (almost) invincible. Can only be killed via melee attack. Dies instantly when hit by either. Idol
80%
Husk Carries around a _________ ____ in its freakishly elongated arm. Attacks the player by swinging the _________ ____ like a flail. Sisyphean Insurrectionist
78%
Husk Shoots hell energy projectiles in vertical and horizontal sweeps. Misplaced head and high health makes killing this enemy difficult. Schism
77%
Husk Never attacks directly, and douses other enemies in sand, preventing the player from regaining health from sand-covered enemies. Stalker
77%
No matching quizzes found
Score Distribution
Percent of People with Each Score
Percentile by Number Answered
Your Score History
You have not taken this quiz